|
|
|
|
| LEADER |
00000nam0a2200000 4500 |
| 001 |
283314 |
| 005 |
20231101235602.0 |
| 020 |
|
|
|a RU
|b 84-73326
|
| 035 |
|
|
|a (RuTPU)RU\TPU\book\307377
|
| 090 |
|
|
|a 283314
|
| 100 |
|
|
|a 20150205d1983 k y0rusy5003 ca
|
| 101 |
0 |
|
|a rus
|
| 102 |
|
|
|a RU
|
| 105 |
|
|
|a a z 001zy
|
| 200 |
1 |
|
|a Подготовка шихты для обжига и спекания
|e [сборник статей]
|f Научно-исследовательский и проектный институт обогащения и механической обработки полезных ископаемых (Уралмеханобр)
|
| 210 |
|
|
|a Свердловск
|c Изд-во ин-та Уралмеханобр
|d 1983
|
| 215 |
|
|
|a 104 с.
|c ил.
|
| 320 |
|
|
|a Библиография в конце статей
|
| 606 |
|
|
|a Железные руды
|x Агломирация
|2 stltpush
|3 (RuTPU)RU\TPU\subj\10479
|9 37547
|
| 606 |
|
|
|a Железные руды
|x Окускование
|2 stltpush
|3 (RuTPU)RU\TPU\subj\10480
|9 37548
|
| 610 |
1 |
|
|a шихта
|
| 610 |
1 |
|
|a подготовка
|
| 610 |
1 |
|
|a обжиг
|
| 610 |
1 |
|
|a спекание
|
| 610 |
1 |
|
|a агломерация
|
| 610 |
1 |
|
|a окомкование
|
| 675 |
|
|
|a 622.788
|z rus
|v 3
|
| 712 |
0 |
2 |
|a Научно-исследовательский и проектный институт обогащения и механической обработки полезных ископаемых (Уралмеханобр)
|c (Свердловск/Екатеринбург)
|2 stltpush
|3 (RuTPU)RU\TPU\col\13870
|9 25814
|
| 801 |
|
0 |
|a RU
|b RuMRKP
|c 19950704
|g psbo
|
| 801 |
|
1 |
|a RU
|b 63413507
|c 20150205
|
| 801 |
|
2 |
|a RU
|b 63413507
|c 20170901
|g RCR
|
| 942 |
|
|
|c BK
|